Score 0/15 Timer 05:00
0 Plays Today
Airline Code Airline % Correct
AAAmerican Airlines
91.1%
UAUnited Airlines
82.3%
LHLufthansa
80%
DLDelta Air Lines
73.5%
USUS Airways
68.2%
EKEmirates Airline
50.1%
COContinental Airlines
47.6%
EIAer Lingus
42.5%
Airline Code Airline % Correct
AZAlitalia
39.2%
FRRyanair
36.8%
U2easyJet
32.2%
VSVirgin Atlantic Airways
30.8%
BDBMI
18.3%
SUAeroflot Russian Airlines
14.4%
LYEl Al Israel Airlines
13.1%
Come Together.
Have Fun.
All Virtual.
We all need to come together. Play Sporcle's virtual live trivia to have fun, connect with people, and get your trivia on. Join a live hosted trivia game for your favorite pub trivia experience done virtually. If a virtual private party is more your thing, go here for details.

You're not logged in!

Compare scores with friends on all Sporcle quizzes.
OR
Log In

Sporcle TV

Today on Sporcle TV


Watch our educational content, quiz creation guides, and fun videos on Sporcle TV.

Show Comments

Extras

Top Quizzes Today


Score Distribution

Paid Content

Your Account Isn't Verified!

In order to create a playlist on Sporcle, you need to verify the email address you used during registration. Go to your Sporcle Settings to finish the process.

Report this User

Report this user for behavior that violates our Community Guidelines.

Details: